| 000 | 00686cam a2200217 a 4500 | ||
|---|---|---|---|
| 001 | 4945817 | ||
| 005 | 20180213034439.0 | ||
| 008 | 961112s1997 maua 001 0 eng | ||
| 010 | _a 96039762 | ||
| 020 | _a1883823129 | ||
| 040 |
_aDLC _cDLC _dDLC |
||
| 041 | _aeng | ||
| 080 | _a658.4032 and | ||
| 082 | 0 | 0 |
_a658.4032 and _221 |
| 100 | 1 | _a54 | |
| 101 | _aman | ||
| 245 | 1 | 0 |
_aSystems thinking basics : _cVirginia Anderson and Lauren Johnson. |
| 906 |
_a7 _bcbc _corignew _d1 _eocip _f19 _gy-gencatlg |
||
| 942 |
_2ddc _cBK |
||
| 999 |
_c42343 _d42343 |
||